[Event "Islington op 8th Evening Standard"]
[Site "London"]
[Date "1972.12.17"]
[Round "5"]
[White "Franklin, Michael J"]
[Black "Ostojic, Predrag"]
[Result "0-1"]
[WhiteElo "2320"]
[BlackElo "2440"]
[PlyCount "96"]
[EventDate "1972.12.15"]
[EventType "swiss"]
[EventRounds "6"]
[EventCountry "ENG"]
[SourceTitle "BritBase"]
[Source "John Saunders"]
[SourceDate "2023.12.16"]
[SourceVersion "1"]
[SourceVersionDate "2023.12.16"]
[SourceQuality "1"]

1. d4 g6 2. Nf3 Bg7 3. e4 c5 4. d5 d6 5. Be2 Nf6 6. Nc3 O-O 7. O-O Bg4 8. Nd2
Bxe2 9. Qxe2 Nbd7 10. Nc4 Nb6 11. Nxb6 Qxb6 12. a4 Nd7 13. a5 Qa6 14. Nb5 Rfc8
15. c4 b6 16. Bg5 Kf8 17. Ra3 bxa5 18. Rh3 f6 19. Bc1 Kg8 20. Qg4 Nf8 21. Ra3
Qb6 22. h4 Qd8 23. f4 f5 24. exf5 Qd7 25. Re1 a6 26. Nc3 gxf5 27. Qg5 Ng6 28.
h5 Bf6 29. Qg3 Bh4 30. Qe3 Nf8 31. Re2 Bf6 32. Qh3 Kh8 33. Nd1 Re8 34. Bd2 e6
35. Bc3 Bd4+ 36. Bxd4+ cxd4 37. Qd3 e5 38. Rf2 Qg7 39. Qxf5 e4 40. Rh3 Ra7 41.
Ra3 d3 42. Ne3 Rf7 43. h6 Qg8 44. Qh3 Ng6 45. Qg4 Qf8 46. Rxa5 Nxf4 47. Rxa6
Qxh6 48. c5 Rg8 0-1

[Event "Islington op 8th Evening Standard"]
[Site "London"]
[Date "1972.12.17"]
[Round "5"]
[White "Hanreck, Alan E"]
[Black "Sherman, David"]
[Result "0-1"]
[WhiteElo "2048"]
[BlackElo "2200"]
[PlyCount "68"]
[EventDate "1972.12.15"]
[EventType "swiss"]
[EventRounds "6"]
[EventCountry "ENG"]
[SourceTitle "BritBase"]
[Source "John Saunders"]
[SourceDate "2023.12.16"]
[SourceVersion "1"]
[SourceVersionDate "2023.12.16"]
[SourceQuality "1"]

1. e4 Nf6 2. e5 Nd5 3. d4 d6 4. Bc4 Nb6 5. e6 fxe6 6. Bd3 Nc6 7. Qh5+ Kd7 8.
Nf3 Qe8 9. Qg4 Kd8 10. Ng5 h6 11. Nxe6+ Bxe6 12. Qxe6 Nxd4 13. Qg4 e5 14. O-O
g5 15. c3 Ne6 16. Bf5 Ng7 17. Bc2 c6 18. Nd2 Kc7 19. Ne4 Rd8 20. Be3 Qh5 21.
Qxh5 Nxh5 22. Rad1 Nc4 23. Bc1 d5 24. Nd2 Nxd2 25. Rxd2 Bc5 26. Re2 e4 27. Be3
Bb6 28. Bxb6+ Kxb6 29. f3 Nf4 30. Ree1 exf3 31. Rxf3 Rhe8 32. Rfe3 Rxe3 33.
Rxe3 d4 34. cxd4 Rxd4 0-1

[Event "Islington op 8th Evening Standard"]
[Site "London"]
[Date "1972.12.17"]
[Round "5"]
[White "Kennaugh, Charles W"]
[Black "Rumens, David E"]
[Result "1/2-1/2"]
[WhiteElo "2064"]
[BlackElo "2200"]
[PlyCount "110"]
[EventDate "1972.12.15"]
[EventType "swiss"]
[EventRounds "6"]
[EventCountry "ENG"]
[SourceTitle "BritBase"]
[Source "John Saunders"]
[SourceDate "2023.12.16"]
[SourceVersion "1"]
[SourceVersionDate "2023.12.16"]
[SourceQuality "1"]

1. e4 e5 2. f4 d5 3. exd5 e4 4. d3 Nf6 5. dxe4 Nxe4 6. Nf3 Bf5 7. Be3 Nd7 8.
Bb5 a6 9. Ba4 b5 10. Bb3 Bb4+ 11. Nbd2 O-O 12. O-O Ndf6 13. Nxe4 Bxe4 14. a3
Ba5 15. Bc5 Re8 16. Ne5 Bxd5 17. Bxd5 Qxd5 18. Qxd5 Nxd5 19. Rad1 Nxf4 20. Nc6
Ne6 21. Bf2 Bb6 22. Bxb6 cxb6 23. Rd7 f6 24. Rb7 Nc5 25. Rxb6 Re6 26. Rb8+ Rxb8
27. Nxb8 Rb6 28. b4 Ne4 29. Re1 f5 30. Nd7 Rc6 31. Rd1 Rxc2 32. Nb8 Kf7 33.
Nxa6 Ke6 34. h3 f4 35. Re1 Kd5 36. Nc5 Nxc5 37. bxc5 Rc3 38. Re7 Rg3 39. Rc7 f3
40. c6 Rxg2+ 41. Kf1 h6 42. Rc8 Rc2 43. Rd8+ Ke6 44. Rb8 Rxc6 45. Rxb5 Rc3 46.
Rb7 Kf6 47. a4 Ra3 48. Kf2 h5 49. a5 g5 50. Rb6+ Ke7 51. Rb7+ Kd6 52. Rh7 g4
53. Rh6+ Kc7 54. Rh7+ Kc6 55. Rh6+ Kb7 1/2-1/2

[Event "Islington op 8th Evening Standard"]
[Site "London"]
[Date "1972.12.17"]
[Round "5"]
[White "Littlewood, Norman"]
[Black "Poolake, Maximilian Ernst"]
[Result "1-0"]
[WhiteElo "2328"]
[BlackElo "1960"]
[PlyCount "97"]
[EventDate "1972.12.15"]
[EventType "swiss"]
[EventRounds "6"]
[EventCountry "ENG"]
[SourceTitle "BritBase"]
[Source "John Saunders"]
[SourceDate "2023.12.16"]
[SourceVersion "1"]
[SourceVersionDate "2023.12.16"]
[SourceQuality "1"]

1. e4 e6 2. d4 d5 3. Nc3 Bb4 4. e5 c5 5. a3 Ba5 6. b4 cxb4 7. Nb5 b3+ 8. c3 Bc7
9. Bd3 Bd7 10. a4 a6 11. Nxc7+ Qxc7 12. Qxb3 Nc6 13. Ba3 Na5 14. Qb4 Kd8 15.
Ne2 Nh6 16. O-O Bc6 17. Rfb1 Nf5 18. Qc5 Ke8 19. Bb4 Nc4 20. Bxc4 dxc4 21. Qxc4
Rc8 22. Qd3 Qd7 23. Ng3 Nxg3 24. Qxg3 Rg8 25. Qh4 h6 26. Rd1 Qd8 27. Qg4 Bd5
28. Rd3 g6 29. Rg3 Kd7 30. Qf4 Qe8 31. Qxh6 Rc4 32. Rh3 Kc8 33. Qf4 Rc7 34. Bd6
Rd7 35. c4 Bc6 36. a5 g5 37. Qc1 f6 38. Rb1 fxe5 39. Bxe5 Qg6 40. Rg3 Qf5 41.
Rb6 Kd8 42. Qe1 Rf8 43. d5 exd5 44. Rf3 Qxf3 45. gxf3 dxc4 46. Qc1 Bxf3 47.
Qxg5+ Kc8 48. Bd6 Rfd8 49. Qc5+ 1-0

[Event "Islington op 8th Evening Standard"]
[Site "London"]
[Date "1972.12.17"]
[Round "5"]
[White "Shephard, Christopher CW"]
[Black "Williams, Arthur Howard"]
[Result "0-1"]
[WhiteElo "2160"]
[BlackElo "2424"]
[PlyCount "110"]
[EventDate "1972.12.15"]
[EventType "swiss"]
[EventRounds "6"]
[EventCountry "ENG"]
[SourceTitle "BritBase"]
[Source "John Saunders"]
[SourceDate "2023.12.16"]
[SourceVersion "1"]
[SourceVersionDate "2023.12.16"]
[SourceQuality "1"]

1. e4 Nf6 2. e5 Nd5 3. c4 Nb6 4. d4 d6 5. f4 dxe5 6. fxe5 Nc6 7. Be3 Bf5 8. Nc3
e6 9. Nf3 Be7 10. Be2 O-O 11. O-O f6 12. Nh4 fxe5 13. Nxf5 exf5 14. d5 Nd4 15.
Bxd4 exd4 16. Qxd4 Nd7 17. Kh1 Bc5 18. Qd2 Bd6 19. Nb5 Qh4 20. Nxd6 cxd6 21.
Rf4 Qg5 22. Raf1 Rae8 23. Qc2 b6 24. g3 g6 25. Bd1 Re7 26. Kg2 Rfe8 27. b3 Re3
28. R1f3 Nc5 29. Rxe3 Rxe3 30. Qd2 Qe7 31. Rf3 Re1 32. Rf4 a5 33. Rf2 Qe4+ 34.
Bf3 Qe5 35. Re2 Rxe2+ 36. Qxe2 Kf7 37. Qd2 Kg7 38. Bd1 Ne4 39. Qc2 Kf6 40. Bf3
Nc5 41. Qd2 g5 42. Kf2 Qa1 43. Kg2 Qb1 44. Bh5 Qe4+ 45. Bf3 Qe5 46. Kf2 Kg6 47.
Kg2 h5 48. h4 Ne4 49. Qe1 Qb2+ 50. Kg1 Qd2 51. Qxd2 Nxd2 52. Kf2 g4 53. Bg2 a4
54. Ke3 axb3 55. axb3 Nxb3 0-1

[Event "Islington op 8th Evening Standard"]
[Site "London"]
[Date "1972.12.17"]
[Round "5"]
[White "Stean, Michael Frank"]
[Black "Dickson, George A"]
[Result "1-0"]
[WhiteElo "2328"]
[BlackElo "2176"]
[PlyCount "108"]
[EventDate "1972.12.15"]
[EventType "swiss"]
[EventRounds "6"]
[EventCountry "ENG"]
[SourceTitle "BritBase"]
[Source "John Saunders"]
[SourceDate "2023.12.16"]
[SourceVersion "1"]
[SourceVersionDate "2023.12.16"]
[SourceQuality "1"]

1. e4 e5 2. Nf3 Nc6 3. Bb5 a6 4. Bxc6 dxc6 5. O-O Bg4 6. h3 h5 7. d3 Qf6 8. Be3
Bxf3 9. Qxf3 Qxf3 10. gxf3 Ne7 11. Re1 Ng6 12. Kf1 O-O-O 13. Ke2 Be7 14. Rg1
Bf6 15. Nd2 Nf8 16. c3 Ne6 17. b4 Rd7 18. Nb3 Rhd8 19. Rgd1 b6 20. a4 Bg5 21.
Ra2 g6 22. a5 Kb7 23. Rad2 f5 24. Ra2 f4 25. Bc1 Bf6 26. Bb2 Ng5 27. Rda1 Nxh3
28. axb6 cxb6 29. Rxa6 Ng1+ 30. Kf1 Nxf3 31. d4 Rb8 32. c4 Nxd4 33. Bxd4 exd4
34. c5 Bd8 35. e5 d3 36. e6 Re7 37. Nd4 Bc7 38. Ra7+ Kc8 39. Nxc6 Rxe6 40. Nxb8
Bxb8 41. Rg7 d2 42. Rd1 Be5 43. Rg8+ Kc7 44. Rxd2 bxc5 45. bxc5 Kc6 46. Rc8+
Kb7 47. Rf8 Kc6 48. Rc8+ Kb7 49. Rcd8 Kc6 50. Rc2 g5 51. Rc8+ Kb7 52. Rg8 g4
53. Rg5 f3 54. Rxh5 g3 1-0

[Event "Islington op 8th Evening Standard"]
[Site "London"]
[Date "1972.12.17"]
[Round "5"]
[White "Szaszvari, George"]
[Black "Hutchinson, Paul A"]
[Result "1/2-1/2"]
[WhiteElo "1888"]
[BlackElo "2120"]
[PlyCount "110"]
[EventDate "1972.12.15"]
[EventType "swiss"]
[EventRounds "6"]
[EventCountry "ENG"]
[SourceTitle "BritBase"]
[Source "John Saunders"]
[SourceDate "2023.12.16"]
[SourceVersion "1"]
[SourceVersionDate "2023.12.16"]
[SourceQuality "1"]

1. e4 d6 2. d4 Nf6 3. Nc3 g6 4. Bc4 Bg7 5. Bb3 O-O 6. Nge2 e5 7. f3 exd4 8.
Nxd4 Nc6 9. Be3 Nxd4 10. Bxd4 Be6 11. Qd2 c5 12. Bxf6 Bxf6 13. Bxe6 fxe6 14.
O-O Qb6 15. Rab1 Rad8 16. Kh1 Qc6 17. Rbd1 b5 18. b3 c4 19. Ne2 d5 20. exd5
Rxd5 21. Qe3 Re5 22. Qf2 Rh5 23. Ng3 Bh4 24. Kg1 Qc7 25. Qe2 Qb6+ 26. Qf2 Bxg3
27. hxg3 Qc7 28. Qe3 Re8 29. f4 Qc6 30. Qxa7 Ra8 31. Qe7 cxb3 32. axb3 Qb6+ 33.
Rf2 b4 34. Qd6 Qe3 35. Qxb4 Qxg3 36. Qe7 Qe3 37. b4 Rf8 38. Qd6 Qe4 39. Qd4 Qb7
40. Re1 Qe7 41. Qe4 Re8 42. Re3 Qf6 43. c3 Rf5 44. Rd3 Kh8 45. Qd4 Qxd4 46.
Rxd4 Ref8 47. Rdd2 Rxf4 48. Rxf4 Rxf4 49. Rd4 Rf7 50. c4 Kg7 51. Rd2 Ra7 52. c5
Kf6 53. Kf2 Rb7 54. Rb2 Ke5 55. Ke3 Kd5 1/2-1/2

[Event "Islington op 8th Evening Standard"]
[Site "London"]
[Date "1972.12.17"]
[Round "5"]
[White "Wright, Daniel"]
[Black "Antunac, Goran"]
[Result "1-0"]
[WhiteElo "2320"]
[BlackElo "2430"]
[PlyCount "97"]
[EventDate "1972.12.15"]
[EventType "swiss"]
[EventRounds "6"]
[EventCountry "ENG"]
[SourceTitle "BritBase"]
[Source "John Saunders"]
[SourceDate "2023.12.16"]
[SourceVersion "1"]
[SourceVersionDate "2023.12.16"]
[SourceQuality "1"]

1. Nf3 f5 2. g3 Nf6 3. c4 d6 4. d4 e6 5. Bg2 Be7 6. O-O O-O 7. Nc3 Qe8 8. b3
Nbd7 9. Re1 Ne4 10. Nxe4 fxe4 11. Ng5 Bxg5 12. Bxg5 Qh5 13. Qd2 h6 14. Be3 Nf6
15. f3 e5 16. Rf1 Kh8 17. Rad1 Bh3 18. dxe5 dxe5 19. g4 Nxg4 20. Bxh3 Nxe3 21.
Qxe3 Qxh3 22. Qxe4 c6 23. Kh1 Rae8 24. Rg1 Re7 25. Rg4 Qh5 26. Rd6 Qf5 27. Qe3
Rd7 28. c5 Rfd8 29. Rgg6 Rxd6 30. Rxd6 Qb1+ 31. Qg1 Qxg1+ 32. Kxg1 Re8 33. Rd7
b6 34. Rxa7 bxc5 35. Ra5 e4 36. f4 c4 37. bxc4 e3 38. Re5 Ra8 39. Rxe3 Rxa2 40.
Re5 Rc2 41. c5 Kg8 42. h4 g6 43. h5 gxh5 44. Kf2 Kg7 45. Rxh5 Kg6 46. Re5 h5
47. Kf3 h4 48. Kg4 Rc4 49. e3 {Source: CHESS, January 1973, Vol.38/665-6, p122}
1-0

[Event "Islington op 8th Evening Standard"]
[Site "London"]
[Date "1972.12.17"]
[Round "6"]
[White "Antunac, Goran"]
[Black "Fox, Terry C"]
[Result "1-0"]
[WhiteElo "2430"]
[BlackElo "2224"]
[PlyCount "85"]
[EventDate "1972.12.15"]
[EventType "swiss"]
[EventRounds "6"]
[EventCountry "ENG"]
[SourceTitle "BritBase"]
[Source "John Saunders"]
[SourceDate "2023.12.16"]
[SourceVersion "1"]
[SourceVersionDate "2023.12.16"]
[SourceQuality "1"]

1. d4 Nf6 2. c4 e6 3. g3 c5 4. Nf3 cxd4 5. Nxd4 Nc6 6. Bg2 Bb4+ 7. Bd2 Bxd2+ 8.
Qxd2 O-O 9. Nc3 a6 10. O-O Qc7 11. Rfd1 Rb8 12. Rac1 Na5 13. b3 d6 14. Nf3 Rd8
15. e4 Nc6 16. Qe2 Bd7 17. Nb5 axb5 18. cxb5 Qa5 19. bxc6 Bxc6 20. Nd4 Be8 21.
Qd2 Qb6 22. Rc4 d5 23. Rb4 Qd6 24. Nf3 Qe7 25. exd5 Rxd5 26. Rd4 Rbd8 27. Qc2
h6 28. h3 Bc6 29. Rxd5 Bxd5 30. Ne5 Bxg2 31. Kxg2 Rxd1 32. Qxd1 Nd5 33. Qc2 Qc7
34. Qxc7 Nxc7 35. Kf3 Kf8 36. Ke4 Ke7 37. Kd4 Nd5 38. Kc5 f6 39. Nc4 b5 40.
Kxb5 Nc3+ 41. Kc5 Nxa2 42. b4 Nc3 43. Kc6 1-0

[Event "Islington op 8th Evening Standard"]
[Site "London"]
[Date "1972.12.17"]
[Round "6"]
[White "Ashby, Alan Peter"]
[Black "Pritchard, David Brine"]
[Result "1-0"]
[WhiteElo "2080"]
[BlackElo "2240"]
[PlyCount "79"]
[EventDate "1972.12.15"]
[EventType "swiss"]
[EventRounds "6"]
[EventCountry "ENG"]
[SourceTitle "BritBase"]
[Source "John Saunders"]
[SourceDate "2023.12.16"]
[SourceVersion "1"]
[SourceVersionDate "2023.12.16"]
[SourceQuality "1"]

1. e4 d6 2. d4 g6 3. Nc3 Bg7 4. Be2 Nf6 5. Nf3 O-O 6. O-O c6 7. h3 Qc7 8. Re1
e5 9. Bg5 h6 10. Be3 Kh7 11. Qd2 Re8 12. Bf1 b5 13. a3 a6 14. b4 Bb7 15. a4
Nbd7 16. Bd3 Rac8 17. dxe5 dxe5 18. Ra3 Bf8 19. Rb3 Rcd8 20. Qe2 Bc8 21. Nd2
Nb6 22. Ra1 Be6 23. Rbb1 Bg7 24. axb5 axb5 25. f3 Ra8 26. Nd1 Bf8 27. c4 Rxa1
28. Rxa1 Bxb4 29. cxb5 cxb5 30. Bxb5 Rd8 31. Nf1 Nfd7 32. Rc1 Nc5 33. Qb2 Rxd1
34. Rxd1 Nb3 35. Kh1 Bc5 36. Qc2 Nd4 37. Bxd4 exd4 38. Rc1 Qf4 39. Qxc5 Nc4 40.
Rxc4 {Source: Alan Ashby games collection (Bristol & District Chess League
website - https://www.chessit.co.uk/Databases/Html%20Files/Alan%20Ashby.htm)}
1-0

[Event "Islington op 8th Evening Standard"]
[Site "London"]
[Date "1972.12.17"]
[Round "6"]
[White "Bellin, Robert"]
[Black "Wright, Daniel"]
[Result "1-0"]
[WhiteElo "2328"]
[BlackElo "2320"]
[PlyCount "71"]
[EventDate "1972.12.15"]
[EventType "swiss"]
[EventRounds "6"]
[EventCountry "ENG"]
[SourceTitle "BritBase"]
[Source "John Saunders"]
[SourceDate "2023.12.16"]
[SourceVersion "1"]
[SourceVersionDate "2023.12.16"]
[SourceQuality "1"]

1. e4 c5 2. Nf3 d6 3. Nc3 Nc6 4. d4 cxd4 5. Nxd4 g6 6. Nd5 Bg7 7. Nb5 Rb8 8.
Nbc7+ Kf8 9. Nb5 a6 10. Nbc3 b5 11. a3 Bb7 12. Be2 e6 13. Nf4 Nf6 14. O-O Ne5
15. Bd3 Kg8 16. Qe2 h6 17. Nh3 Rc8 18. f4 Nxd3 19. cxd3 d5 20. e5 Nd7 21. d4
Kh7 22. Be3 Qb6 23. Rf2 Rc4 24. g4 Rg8 25. Qf3 a5 26. Ng5+ hxg5 27. Qh3+ Bh6
28. fxg5 Rh8 29. gxh6 Kg8 30. Raf1 Rh7 31. Rxf7 Rxf7 32. Rxf7 Kxf7 33. h7 Rc8
34. h8=Q Rxh8 35. Qxh8 Nf8 36. Ne2 {Source: CHESS, January 1973, Vol.38/665-6,
p122} 1-0

[Event "Islington op 8th Evening Standard"]
[Site "London"]
[Date "1972.12.17"]
[Round "6"]
[White "Farley, Ronald JM"]
[Black "Lambshire, Michael V"]
[Result "1/2-1/2"]
[WhiteElo "2080"]
[BlackElo "2280"]
[PlyCount "112"]
[EventDate "1972.12.15"]
[EventType "swiss"]
[EventRounds "6"]
[EventCountry "ENG"]
[SourceTitle "BritBase"]
[Source "John Saunders"]
[SourceDate "2023.12.16"]
[SourceVersion "1"]
[SourceVersionDate "2023.12.16"]
[SourceQuality "1"]

1. e4 c5 2. Nf3 Nc6 3. c3 Nf6 4. e5 Nd5 5. d4 cxd4 6. cxd4 d6 7. Bc4 e6 8. O-O
dxe5 9. dxe5 Be7 10. Bxd5 exd5 11. Nc3 d4 12. Ne4 O-O 13. Bf4 Qb6 14. Qe2 Re8
15. Rfd1 Bf5 16. Rac1 Rad8 17. Rc4 d3 18. Rxd3 Rxd3 19. Qxd3 Rd8 20. Qf1 Qxb2
21. Nd6 Be6 22. Rc1 Bxa2 23. Qd3 h6 24. Re1 f6 25. Qg6 fxe5 26. Bxh6 e4 27. Ng5
Rxd6 28. Qh7+ Kf8 29. Qf5+ Kg8 30. Qh7+ Kf8 31. Qf5+ Bf6 32. Bxg7+ Kxg7 33.
Qh7+ Kf8 34. Qh6+ Ke8 35. Nxe4 Kd7 36. Qh7+ Be7 37. Nc5+ Kc7 38. h4 Qc3 39.
Rxe7+ Nxe7 40. Qxe7+ Kc6 41. Qxd6+ Kxd6 42. Ne4+ Ke5 43. Nxc3 Bc4 44. h5 b5 45.
h6 Kf6 46. g4 b4 47. Ne4+ Kg6 48. g5 b3 49. f4 b2 50. Nc3 Bd3 51. Kf2 a5 52.
Ke3 Bf5 53. Kd4 a4 54. Kc4 b1=Q 55. Nxb1 Bxb1 56. Kb4 Bc2 1/2-1/2

[Event "Islington op 8th Evening Standard"]
[Site "London"]
[Date "1972.12.17"]
[Round "6"]
[White "Hutchinson, Paul A"]
[Black "Sully, David John"]
[Result "1/2-1/2"]
[WhiteElo "2120"]
[BlackElo "2000"]
[PlyCount "58"]
[EventDate "1972.12.15"]
[EventType "swiss"]
[EventRounds "6"]
[EventCountry "ENG"]
[SourceTitle "BritBase"]
[Source "John Saunders"]
[SourceDate "2023.12.16"]
[SourceVersion "1"]
[SourceVersionDate "2023.12.16"]
[SourceQuality "1"]

1. c4 Nf6 2. g3 g6 3. Bg2 Bg7 4. Nc3 c5 5. e3 O-O 6. d4 d6 7. Nge2 Nc6 8. O-O
Bd7 9. b3 a6 10. Bb2 cxd4 11. exd4 Ng4 12. d5 Na5 13. Nd4 b5 14. cxb5 axb5 15.
Ncxb5 Qb6 16. a4 Bxb5 17. axb5 Nh6 18. Qd2 Bxd4 19. Bxd4 Nxb3 20. Bxb6 Nxd2 21.
Rxa8 Rxa8 22. Rd1 Nc4 23. Bc7 Ra2 24. Bf1 Ne5 25. h3 Rb2 26. Ra1 Nf5 27. Ra3
Nd4 28. b6 Ndf3+ 29. Kh1 Rb1 1/2-1/2

[Event "Islington op 8th Evening Standard"]
[Site "London"]
[Date "1972.12.17"]
[Round "6"]
[White "James, David J"]
[Black "Franklin, Michael J"]
[Result "1/2-1/2"]
[WhiteElo "2168"]
[BlackElo "2320"]
[PlyCount "89"]
[EventDate "1972.12.15"]
[EventType "swiss"]
[EventRounds "6"]
[EventCountry "ENG"]
[SourceTitle "BritBase"]
[Source "John Saunders"]
[SourceDate "2023.12.16"]
[SourceVersion "1"]
[SourceVersionDate "2023.12.16"]
[SourceQuality "1"]

1. d4 Nf6 2. c4 e6 3. g3 d5 4. Bg2 dxc4 5. Nf3 Nbd7 6. Qa4 a6 7. Qxc4 b5 8. Qc2
Bb7 9. O-O Be7 10. Be3 O-O 11. Nbd2 Nd5 12. Nb3 N7f6 13. Rac1 Rc8 14. Bd2 Nb4
15. Bxb4 Bxb4 16. Nc5 Bxc5 17. Qxc5 Bd5 18. a3 c6 19. Ne5 Nd7 20. Nxd7 Qxd7 21.
Rfe1 Bxg2 22. Kxg2 Rfd8 23. e3 Qb7 24. Kg1 Rd5 25. Qb4 Qa7 26. Red1 Qd7 27. Rc5
e5 28. Rxd5 Qxd5 29. Qc5 Qf3 30. Rc1 exd4 31. Qxd4 h5 32. Qd7 Qg4 33. Rd1 a5
34. h3 Qxd7 35. Rxd7 a4 36. Kf1 Kf8 37. Ke2 Ke8 38. Rb7 Rd8 39. g4 hxg4 40.
hxg4 Rd7 41. Rxd7 Kxd7 42. f4 Kd6 43. Kd3 c5 44. g5 Ke6 45. e4 1/2-1/2

[Event "Islington op 8th Evening Standard"]
[Site "London"]
[Date "1972.12.17"]
[Round "6"]
[White "Melville, A"]
[Black "Basman, Michael John"]
[Result "0-1"]
[WhiteElo "2024"]
[BlackElo "2328"]
[PlyCount "66"]
[EventDate "1972.12.15"]
[EventType "swiss"]
[EventRounds "6"]
[EventCountry "ENG"]
[SourceTitle "BritBase"]
[Source "John Saunders"]
[SourceDate "2023.12.16"]
[SourceVersion "1"]
[SourceVersionDate "2023.12.16"]
[SourceQuality "1"]

1. e4 e6 2. d4 d5 3. Nc3 Bb4 4. e5 Bd7 5. a3 Bxc3+ 6. bxc3 Ba4 7. Rb1 Nd7 8.
Nf3 Nb6 9. Be2 Qd7 10. O-O Bc6 11. Nd2 Na4 12. Rb3 Ne7 13. f4 Nf5 14. Nf3 h5
15. Bd3 O-O-O 16. Qe2 Kb8 17. Bd2 Ka8 18. Be1 Rde8 19. Bf2 Ne7 20. Re1 Nc8 21.
Qe3 a6 22. c4 dxc4 23. Bxc4 b5 24. Bd3 Ncb6 25. Reb1 Qd5 26. Qd2 Nc4 27. Qb4
Reg8 28. Bf1 f6 29. Nd2 a5 30. Qxb5 Bxb5 31. Bxc4 Bxc4 32. Nxc4 Qxc4 33. Rb5
Qxb5 0-1

[Event "Islington op 8th Evening Standard"]
[Site "London"]
[Date "1972.12.17"]
[Round "6"]
[White "Nicholas, Geoffrey James"]
[Black "Mestel, A Jonathan"]
[Result "1-0"]
[WhiteElo "2048"]
[BlackElo "2256"]
[PlyCount "33"]
[EventDate "1972.12.15"]
[EventType "swiss"]
[EventRounds "6"]
[EventCountry "ENG"]
[SourceTitle "BritBase"]
[Source "John Saunders"]
[SourceDate "2023.12.16"]
[SourceVersion "1"]
[SourceVersionDate "2023.12.16"]
[SourceQuality "1"]

1. d4 g6 2. e4 Bg7 3. Nf3 d6 4. c4 e5 5. dxe5 dxe5 6. Qxd8+ Kxd8 7. Nc3 c6 8.
Be2 Nd7 9. O-O f6 10. Rd1 Kc7 11. b4 a5 12. b5 Bf8 13. Na4 Bc5 14. Rxd7+ Bxd7
15. Nxc5 Be8 16. Be3 Bf7 17. Rd1 {Source: CHESS, January 1973, Vol.38/665-6,
p122} 1-0

[Event "Islington op 8th Evening Standard"]
[Site "London"]
[Date "1972.12.17"]
[Round "6"]
[White "O'Brien, Richard W"]
[Black "Littlewood, Norman"]
[Result "0-1"]
[WhiteElo "2008"]
[BlackElo "2328"]
[PlyCount "84"]
[EventDate "1972.12.15"]
[EventType "swiss"]
[EventRounds "6"]
[EventCountry "ENG"]
[SourceTitle "BritBase"]
[Source "John Saunders"]
[SourceDate "2023.12.16"]
[SourceVersion "1"]
[SourceVersionDate "2023.12.16"]
[SourceQuality "1"]

1. g4 d5 2. Bg2 Bxg4 3. c4 c6 4. cxd5 Nf6 5. Nc3 e6 6. Qb3 Qd7 7. h3 Bh5 8.
dxe6 fxe6 9. d4 Bd6 10. e4 e5 11. Be3 Bf7 12. Qc2 O-O 13. O-O-O Qc7 14. Nge2
Nbd7 15. b3 exd4 16. Bxd4 a5 17. Kb1 b5 18. Qd2 Bb4 19. e5 Nxe5 20. Qg5 Bg6+
21. Ka1 Nf7 22. Qh4 Nd6 23. Be5 Qe7 24. f4 Ra6 25. Qf2 Nde4 26. Nxe4 Nxe4 27.
Bxe4 Qxe5+ 28. fxe5 Rxf2 29. Bxg6 hxg6 30. Rd8+ Kf7 31. Ng3 Bc3+ 32. Kb1 Bxe5
33. Ne4 Rb2+ 34. Kc1 Rxa2 35. Rf1+ Bf6 36. Rf3 Ra7 37. Rc8 a4 38. Rxc6 Re7 39.
Nd6+ Kg8 40. Kd1 Ree2 41. Rc8+ Kh7 42. Nxb5 Rad2+ 0-1

[Event "Islington op 8th Evening Standard"]
[Site "London"]
[Date "1972.12.17"]
[Round "6"]
[White "O'Sullivan, Brian F"]
[Black "Century, Jonathan Isaac"]
[Result "1-0"]
[WhiteElo "1992"]
[BlackElo "2280"]
[PlyCount "87"]
[EventDate "1972.12.15"]
[EventType "swiss"]
[EventRounds "6"]
[EventCountry "ENG"]
[SourceTitle "BritBase"]
[Source "John Saunders"]
[SourceDate "2023.12.16"]
[SourceVersion "1"]
[SourceVersionDate "2023.12.16"]
[SourceQuality "1"]

1. b3 Nf6 2. Bb2 g6 3. g3 Bg7 4. Bg2 d6 5. c4 O-O 6. Nc3 e5 7. e3 Nh5 8. Nge2
f5 9. f4 g5 10. O-O c6 11. d4 gxf4 12. gxf4 e4 13. d5 c5 14. Ng3 Nxg3 15. hxg3
Nd7 16. Qe2 Nf6 17. Nd1 Qe8 18. Bh3 Qg6 19. Kh2 Bd7 20. Nf2 h5 21. Rad1 Kf7 22.
Bxf6 Bxf6 23. Nxe4 Rg8 24. Rg1 Be7 25. Nd2 Rad8 26. Nf3 Bf6 27. Nh4 Qh7 28. Qd3
Bxh4 29. gxh4 Rg7 30. Rxg7+ Qxg7 31. Rg1 Qf6 32. Rg5 Rg8 33. Qe2 Rxg5 34. hxg5
Qg6 35. Kg3 Be8 36. Kh4 Ke7 37. Qb2 Kd8 38. Qf6+ Kc7 39. Bxf5 Qxf6 40. gxf6 b5
41. Be6 bxc4 42. bxc4 Kb6 43. f7 Bxf7 44. Bxf7 1-0

[Event "Islington op 8th Evening Standard"]
[Site "London"]
[Date "1972.12.17"]
[Round "6"]
[White "Parr, David"]
[Black "Morrey, Peter"]
[Result "1-0"]
[WhiteElo "2152"]
[BlackElo "1968"]
[PlyCount "103"]
[EventDate "1972.12.15"]
[EventType "swiss"]
[EventRounds "6"]
[EventCountry "ENG"]
[SourceTitle "BritBase"]
[Source "John Saunders"]
[SourceDate "2023.12.16"]
[SourceVersion "1"]
[SourceVersionDate "2023.12.16"]
[SourceQuality "1"]

1. b4 Nf6 2. Bb2 g6 3. c4 Bg7 4. e3 O-O 5. Nf3 d5 6. d4 c6 7. Nbd2 Nbd7 8. Qb3
dxc4 9. Nxc4 Nb6 10. Nxb6 Qxb6 11. Bc4 e6 12. O-O a5 13. a3 Bd7 14. Ne5 Rfc8
15. Nxd7 Nxd7 16. Bxe6 fxe6 17. Qxe6+ Kh8 18. Qxd7 axb4 19. Rab1 bxa3 20. Bxa3
Qc7 21. Qxc7 Rxc7 22. Bc5 b5 23. Ra1 Rcc8 24. Rfc1 Kg8 25. g3 Kf7 26. Rxa8 Rxa8
27. Bb6 b4 28. Bc5 b3 29. Rb1 Rb8 30. Kf1 Ke6 31. Ke2 Kd5 32. Kd3 Bf8 33. e4+
Ke6 34. Bxf8 Rxf8 35. f4 Ra8 36. Rxb3 Ra2 37. h4 Rg2 38. Kc4 Re2 39. e5 Rc2+
40. Rc3 Rb2 41. Kc5 Rb8 42. Ra3 Ke7 43. Ra7+ Ke6 44. Kxc6 Rb3 45. d5+ Kf5 46.
Rf7+ Kg4 47. d6 Rc3+ 48. Kd5 Kxg3 49. d7 Rd3+ 50. Ke6 Kxh4 51. Rxh7+ Kg4 52.
Rh8 1-0